| 000 | 00536nam a22001937a 4500 | ||
|---|---|---|---|
| 003 | OSt | ||
| 005 | 20180516133447.0 | ||
| 008 | 180516b xxu||||| |||| 00| 0 eng d | ||
| 020 | _a9780071086554 | ||
| 040 | _cDDC | ||
| 082 | _a592Rup 2004 | ||
| 100 |
_aKardong,V.Kenneth; _912627 |
||
| 245 | _aVertebrates ;Comparative Anatomy ,Function ,Evolution; | ||
| 260 |
_aAsia; _bMcGraw-Hill, _c2004 |
||
| 300 |
_axix,794p; _bill; _e26cm |
||
| 504 | _aincludes Appendix , Glossary and index | ||
| 650 |
_aBiology _95602 |
||
| 942 |
_2ddc _cO_SHELF |
||
| 999 |
_c6110 _d6110 |
||